Legislatíva v oblasti ekologického poľnohospodárstva a biopotravín
Salvato in:
| Autore principale: | |
|---|---|
| Natura: | Capitolo di libro |
| Lingua: | slovacco |
| Soggetti: | |
| Tags: |
Nessun Tag, puoi essere il primo ad aggiungerne!!
|
MARC
| LEADER | 00000nla a2200000 4500 | ||
|---|---|---|---|
| 001 | 0228689 | ||
| 005 | 20240502073748.7 | ||
| 041 | 0 | |a slo | |
| 044 | |a SK | ||
| 245 | 1 | 0 | |a Legislatíva v oblasti ekologického poľnohospodárstva a biopotravín |c Malgorzata A. Jarossová |
| 610 | 2 | 0 | |a výroba poľnohospodárska |
| 610 | 2 | 0 | |a výroba ekologická |
| 610 | 2 | 0 | |a biopotraviny |
| 610 | 2 | 0 | |a legislatíva |
| 100 | 1 | |a Jarossová, Malgorzata Agnieszka, 1978- | |